Natural rubber: Polybutadiene (Record no. 43325)

MARC details
000 -LEADER
fixed length control field 00264nam a2200109Ia 4500
082 ## - DEWEY DECIMAL CLASSIFICATION NUMBER
Classification number NR:62TSR
Item number RRM
100 ## - MAIN ENTRY--AUTHOR NAME
Personal name See Toh Mock Sang
245 #0 - TITLE STATEMENT
Title Natural rubber: Polybutadiene
260 ## - PUBLICATION, DISTRIBUTION, ETC. (IMPRINT)
Place of publication RRIM
Year of publication 1983
942 ## - ADDED ENTRY ELEMENTS (KOHA)
Koha item type Books
Holdings
Withdrawn status Lost status Damaged status Not for loan Home library Current library Date acquired Source of acquisition Full call number Accession Number Koha item type
        RRII Library RRII Library 16/12/2021 Gift NR:62TSR RRM G00047 Books